000 00673nam a2200241Ia 4500
003 OSt
005 20220928105114.0
006 a|||||r|||| 00| 0
007 ta
008 220927b |||||||| |||| 00| 0 eng d
024 _a11510
037 _cTextual
040 _aSDCL
_cSDCL
_beng
041 _2eng
_aeng
082 _aV2y7N06, P7
100 _aVidyatrhi Sudhir Ed.
_9413796
245 0 _aAgnipunj
_bShaheed Chandra Shekher Azad.
260 _aNew Delhi
_bRajkamal Prakashan
_c2007
300 _a332p
_ccm.
650 _aChandra Shekher Azad
_9413797
942 _hV2y7N06, P7
_cTEXL
_2CC
999 _c729616
_d729616